=LDR 00000nam 2200000 4500 =001 INLIS000000000034975 =005 20130612140851 =008 ***********************************ind** =035 ##$$0010-061300000034975 =041 ##$$a ind =082 ##$$a 028.507 6 =090 ##$$a 028.507 6, Agu,s =100 ##$$a Agus,Nuniek Avianti =245 ##$$a Subhanallah Allah Menciptakan Unta, Nuniek Avianti Agus =260 ##$$a 2009 $b Bogor =300 ##$$a 50 hlm., Illus., 25 cm =650 ##$$a Bacaan Kanak-Kanak =850 ##$$a NBPNMAT =990 ##$$a 0001/BPAP-NTB/20142015 =990 ##$$a 0001/BPAP-NTB/20142015